Zhodnocení právní úpravy postihu korupce v Slovenské republice
Korupcia predstavuje negatívny celospoločenský jav, ktorý prenikol do všetkých sfér a oblastí súčasnej spoločnosti. Ide o jav, s ktorým se stretávame vo verejnej ako i súkromnej sfére. Zhodnotenie právnej úpravy trestnej zodpovednosti za korupciu v SR.
Saved in:
| Main Author: | |
|---|---|
| Format: | Book Chapter |
| Language: | Czech |
| Subjects: | |
| Tags: |
No Tags, Be the first to tag this record!
|
MARC
| LEADER | 00000nla a2200000 4500 | ||
|---|---|---|---|
| 001 | 0220068 | ||
| 005 | 20240417075107.8 | ||
| 041 | 0 | |a cze | |
| 044 | |a CZ | ||
| 245 | 1 | 0 | |a Zhodnocení právní úpravy postihu korupce v Slovenské republice |c Marcela Tittlová |
| 520 | |a Korupcia predstavuje negatívny celospoločenský jav, ktorý prenikol do všetkých sfér a oblastí súčasnej spoločnosti. Ide o jav, s ktorým se stretávame vo verejnej ako i súkromnej sfére. Zhodnotenie právnej úpravy trestnej zodpovednosti za korupciu v SR. | ||
| 610 | 2 | 0 | |a Slovensko |
| 610 | 2 | 0 | |a korupcia |
| 610 | 2 | 0 | |a činy trestné |
| 610 | 2 | 0 | |a zodpovednosť trestná |
| 610 | 2 | 0 | |a politika protikorupčná |
| 610 | 2 | 0 | |a právo trestné |
| 610 | 2 | 0 | |a úpravy právne |
| 610 | 2 | 0 | |a zákony |
| 100 | 1 | |a Tittlová, Marcela | |